| 000 | 00923cam a2200277 4500 | ||
|---|---|---|---|
| 008 | 090401t1994 xxu||||| |||| 00| 0 eng d | ||
| 020 | _a0728202018 | ||
| 035 | _a(Sirsi) u31010 | ||
| 041 | _aeng | ||
| 050 | _a711.14 | ||
| 100 | _aDenyer-Green, Barry P. D. | ||
| 245 | _aCompulsory purchase and compensation. | ||
| 250 | _a4th ed. | ||
| 260 |
_aLondon _bEstates Gazette _c1994 |
||
| 300 | _axxxiv,332p. ; 22cm. | ||
| 350 | _a22.5 | ||
| 520 | _aLatest edition of a standard textbook revised and updated to include the Planning and Compensation Act 1991 and other changes in the compensation rules. | ||
| 650 |
_aCompulsory purchase _96228 |
||
| 650 | _aFARM LOSS PAYMENTS | ||
| 650 | _aFARMLAND | ||
| 650 | _aHOME LOSS PAYMENTS | ||
| 650 | _aWORSENMENT | ||
| 690 | _aENVIRONMENTAL AND LAND CONSULTANCY-PLANNING AND DEVELOPMENT-COMPULSORY PURCHASE AND COMPENSATION | ||
| 942 | _n0 | ||
| 948 | _c04/03/1997 | ||
| 999 |
_c89539 _d89539 |
||